| 000 | 00390nam a22001577a 4500 | ||
|---|---|---|---|
| 020 | _a0393970833 | ||
| 040 | _cNUST | ||
| 082 |
_a519.5 _bFRE |
||
| 100 |
_aFreedman ,DAVID _9103434 |
||
| 110 |
_aPisani , Robert , Purves , Roger _9123286 |
||
| 245 | _aStatistics. | ||
| 250 | _a3rd | ||
| 260 |
_aNew York _bW.W. Norton & Company _c1998 |
||
| 650 |
_aStatistics. _969 |
||
| 942 |
_2ddc _cBK |
||
| 999 |
_c609519 _d609519 |
||